| 000 | 01110nam a22002775a 4500 | ||
|---|---|---|---|
| 999 |
_c27522 _d27493 |
||
| 003 | EG-ScBUE | ||
| 005 | 20190616140421.0 | ||
| 008 | 190610s2018 ua a grb 000 0bara d | ||
| 017 | _a2018 / 17934 | ||
| 040 |
_aEG-ScBUE _bara _cEG-ScBUE _dEG-ScBUE |
||
| 082 | 0 | 4 |
_a235.2 _bص د ي _222 |
| 100 | 1 |
_aصديق، رامي عطا، _d1977- |
|
| 245 | 1 | 0 |
_aكرمة مشتهاة القديس الأرشيدياكون حبيب جرجس / _cتأليف رامي عطا صديق ؛ تقديم الأنبا موسى. |
| 250 | _aط. 2. | ||
| 260 |
_aالقاهرة : _bمكتبة أسقفية الشباب، _c2018. |
||
| 300 |
_a223 ص. : _bإيض. ؛ _c24 سم. |
||
| 490 | 0 |
_aأسقفية الشباب. _aالإيمان - الثقافة - المجتمع ؛ _v19 |
|
| 504 | _aيشتمل على إرجاعات ببليوجرافية. | ||
| 541 |
_aMr. Farid Khamis ; _cDonation ; |
||
| 600 | 1 | 7 |
_aجرجس، حبيب، _d1876-1951. |
| 650 | 7 |
_aالقديسين المسيحيين. _2BUEsh |
|
| 651 | _2BUEsh | ||
| 653 |
_bGGEN _cJune2019 |
||
| 700 | 1 |
_aموسى، _cالأنبا، _eمقدم. |
|
| 942 | _2ddc | ||